00437nam a2200193Ia 4500003000900000008004100009040001300050040001300063041000800076100002400084245004300108250001200151260001400163260000900177300001100186300001200197490002600209490000800235IT-RoPAU120407s9999 xx 000 0 und d aIT-RoPAU cIT-RoPAU aita aGiuseppe Mammarella aL’Italia dopo il Fascismo. 1943-1973 aBologna aIl Mulino c1974 a526 p. c18,5 cm aUniversale Paperbacks v112